Moses' mighty men. (Record no. 3730)

000 -LEADER
fixed length control field 00576nam a2200193 a 4500
001 - CONTROL NUMBER
control field :::00001462$&:&@@
003 - CONTROL NUMBER IDENTIFIER
control field OkBaRHE
005 - DATE AND TIME OF LATEST TRANSACTION
control field 20000607103244.0
008 - FIXED-LENGTH DATA ELEMENTS--GENERAL INFORMATION
fixed length control field s1958 j 000 0 eng u
040 ## - CATALOGING SOURCE
Transcribing agency
100 1# - MAIN ENTRY--PERSONAL NAME
Personal name Hobbs, Herschel H.
245 10 - TITLE STATEMENT
Title Moses' mighty men.
260 ## - PUBLICATION, DISTRIBUTION, ETC. (IMPRINT)
Place of publication, distribution, etc Nashville, TN., :
Name of publisher, distributor, etc Broadman Press
Date of publication, distribution, etc c1958
300 ## - PHYSICAL DESCRIPTION
Extent 108 p. ;
Dimensions 21 cm.
650 ## - SUBJECT ADDED ENTRY--TOPICAL TERM
Topical term or geographic name as entry element Bible Old Testament
General subdivision Biography
650 ## - SUBJECT ADDED ENTRY--TOPICAL TERM
Topical term or geographic name as entry element Moses, the patriarch.
942 ## - ADDED ENTRY ELEMENTS (KOHA)
Source of classification or shelving scheme
Koha item type Books
Copies
Koha item type Price effective from Lost status Withdrawn status Damaged status Full call number Barcode Permanent Location Shelving location Not for loan Source of classification or shelving scheme Date last seen Copy number Date acquired
Books2010-04-14   BS 580 .M6H61462RHEMA Bible Training CollegeGeneral Stacks  2010-04-1412010-04-14